| 000 | 01455nkm a22002417a 4500 | ||
|---|---|---|---|
| 001 | 85828 | ||
| 005 | 20260429094750.0 | ||
| 007 | kh bo | ||
| 008 | 260421s1981 sp ||||| |||| |0| i|spa d | ||
| 040 |
_aM-RABA _bspa _cM-RABA |
||
| 245 | 0 | 1 |
_a[Estatua ecuestre a Hernando de Soto] _h[Material gráfico] |
| 260 | _c[ca. 1981] | ||
| 300 |
_a1 fotografía _b: impresión fotomecánica _c; 23 x 30 cm |
||
| 500 | 0 | 0 | _aFotografía de la estatua ecuestre a Hernando de Soto, realizada por el escultor español Enrique Pérez Comendador. |
| 500 | 0 | 0 | _aNota manuscrita a tinta en el verso de la imagen: "Estatua ecuestre de bronce de Enrique Pérez Comendador -Roma-. Hernando de Soto, una está en Bradenton -Florida. 1972 -U.S.A. Otra en réplica -en Badajoz -Junio 1981. España". Nota manuscrita a lápiz en el verso de la imagen: "Llega al Archivo entre un papel de D. Luis Blanco Soler, entregado 27 junio 1988". |
| 600 | 1 | 7 |
_aSoto, Hernando de ( _dca. 1500-1542) _970871 |
| 600 | 1 | 7 |
_aPérez Comendador, Enrique ( _d1900-1981) _929818 |
| 655 | 0 |
_aFotografías de monumentos _9111580 |
|
| 852 | _jFot-729 | ||
| 856 |
_uhttps://archivoybiblioteca.realacademiabellasartessanfernando.com/cgi-bin/koha/opac-retrieve-file.pl?id=6d0104bc1703908dad802277bd010ec5 _yFot-729r |
||
| 856 |
_uhttps://archivoybiblioteca.realacademiabellasartessanfernando.com/cgi-bin/koha/opac-retrieve-file.pl?id=ced49c554aa1bc0d9884beac834de696 _yFot-729v |
||
| 942 |
_cFOTOGRAFÍA _n0 |
||
| 999 |
_c85828 _d85828 |
||